|
|
|
|
| LEADER |
00000nam a2200000 a 4500 |
| 001 |
UCP0865 |
| 003 |
CL-VaPUC |
| 008 |
990319e19680000SP |||||||||||||||||spa|d |
| 082 |
0 |
4 |
|a 669.9
|b CHA
|2 21
|
| 100 |
0 |
|
|a Chalmers, Bruce
|e author
|9 426481
|
| 245 |
1 |
0 |
|a Metalurgia física
|
| 300 |
|
|
|a 447 p
|
| 942 |
|
|
|c BK
|
| 945 |
|
|
|d 19990319 00:00:00
|a lriquelm
|
| 260 |
|
|
|a Madrid
|b Aguilar
|c 1968
|
| 650 |
|
0 |
|a Física
|9 227844
|
| 650 |
|
7 |
|a METALURGIA FISICA
|2 CL-VaPUC
|9 271683
|
| 650 |
|
7 |
|a SOLIDIFICACION
|2 CL-VaPUC
|9 364027
|
| 650 |
|
0 |
|a Termodinámica
|9 259320
|
| 650 |
|
7 |
|a DISLOCACION
|2 CL-VaPUC
|9 342066
|
| 650 |
|
7 |
|a PRECIPITACION
|2 CL-VaPUC
|9 357418
|
| 650 |
|
0 |
|a Aleación (Química)
|9 263528
|
| 583 |
|
|
|a last modification
|c 19990319 00:00:00
|k Rodrigo Vera
|
| 999 |
|
|
|c 279604
|d 279602
|
| 952 |
|
|
|0 0
|1 0
|4 0
|6 669_900000000000000_CHA_1968
|7 0
|8 A
|9 319192
|a BIBMEC
|b BIBMEC
|d 2019-11-20
|i 1327488
|o 669.9 CHA 1968
|p 1327488
|r 2024-01-19
|w 2019-11-20
|y BK
|k MEC
|
| 952 |
|
|
|0 0
|1 0
|4 0
|6 669_900000000000000_CHA_1968
|7 0
|8 A
|9 319193
|a BIBMEC
|b BIBMEC
|d 2019-11-20
|i 1335049
|o 669.9 CHA 1968
|p 1335049
|r 2024-01-19
|w 2019-11-20
|y BK
|k MEC
|